El sefardita y otras contadas /

Guardado en:
書目詳細資料
主要作者: Jiménez Pérez, Javier (autor)
格式: 圖書
語言:西班牙语
主題:
標簽: 添加標簽
沒有標簽, 成為第一個標記此記錄!

MARC

LEADER 00000nam^a2200000^a^4500
001 000181491
005 20250521000000.0
009 20260310101932.894
037 |a Acervo ITESO - Biblioteca 
041 |a ESP 
082 |a 863.  |b JIM 
100 |a Jiménez Pérez, Javier  |e (autor) 
245 1 3 |a El sefardita y otras contadas /  |c J. Jiménez Pérez ; pról. de Juan Carlos Báez Paredes. 
264 |a Jalostotitlán, México :  |b Gráfica Positiva,  |c 2005 
300 |a 95 p. 
336 |a texto  |b txt  |2 rdacontenido 
337 |a sin mediación  |b n  |2 rdamedio 
338 |a volumen  |b nc  |2 rdasoporte 
649 |a XX 
650 |a Literatura Popular -  |z Jalostotitlán, Jalisco 
650 |a Literatura Popular -  |z Jalisco 
650 |a Literatura Popular -  |z México 
650 |a Literatura Jalisciense -  |y Siglo XXI 
650 |a Literatura Mexicana -  |y Siglo XXI 
650 |a Literatura e Historia -  |z Jalostotitlán, Jalisco 
650 |a Literatura e Historia -  |z Jalisco 
650 |a Literatura e Historia -  |z México 
650 |a Prácticas Culturales -  |z Jalostotitlán, Jalisco 
650 |a Prácticas Culturales -  |z Jalisco 
650 |a Prácticas Culturales -  |z México 
650 |a Jalostotitlán, Jalisco en la Literatura 
910 |a Fondo General 
920 |a Impresos - Libros 
930 |a Colección General 
940 |a Literatura 
905 |a 101 
901 |a 0500121354  |b IT1  |c LIT  |u 20250521 
902 |a https://opac.biblio.iteso.mx/vufind/Record/000181491